MARC

LEADER 00000nam0a2200000 4500
001 68815
005 20231031075142.0
035 |a (RuTPU)RU\TPU\book\73284 
090 |a 68815 
100 |a 20041011d1964 k y0rusy50 ca 
101 0 |a rus 
102 |a RU 
105 |a a z 001zy 
200 1 |a Предупреждение и ликвидация аварий в структурно-поисковом бурении  |f М. Я. Беркович, Л. А. Синоплис, Н. В. Хлебников 
210 |a Москва  |c Недра  |d 1964 
215 |a 179 с.  |c ил. 
320 |a Библиография в конце книги. 
610 1 |a геология 
610 1 |a разведочное бурение 
610 1 |a разведочные скважины 
610 1 |a структурное бурение 
610 1 |a аварии 
610 1 |a предупреждение 
610 1 |a ликвидация 
610 1 |a ловильные работы 
610 1 |a ловильный инструмент 
610 1 |a буровые наконечники 
610 1 |a бурильные колонны 
610 1 |a бурильные трубы 
610 1 |a обсадные трубы 
610 1 |a забойные двигатели 
610 1 |a взрывные работы 
675 |a 550.82  |v 3 
700 1 |a Беркович  |b М. Я.  |g Михаил Яковлевич 
701 1 |a Синоплис  |b Л. А.  |g Леонид Александрович 
701 1 |a Хлебников  |b Н. В.  |g Николай Васильевич 
801 1 |a RU  |b 63413507  |c 20041011  |g PSBO 
801 2 |a RU  |b 63413507  |c 20120320  |g PSBO 
942 |c BK